<?xml version="1.0" encoding="UTF-8"?>
<record
    xmlns:xsi="http://www.w3.org/2001/XMLSchema-instance"
    xsi:schemaLocation="http://www.loc.gov/MARC21/slim http://www.loc.gov/standards/marcxml/schema/MARC21slim.xsd"
    xmlns="http://www.loc.gov/MARC21/slim">

  <leader>00879nam a2200253I  4500</leader>
  <datafield tag="999" ind1=" " ind2=" ">
    <subfield code="c">4444</subfield>
    <subfield code="d">4444</subfield>
  </datafield>
  <controlfield tag="001">2476387</controlfield>
  <controlfield tag="003">OSt</controlfield>
  <controlfield tag="005">20181205184054.0</controlfield>
  <controlfield tag="008">761001s1944    nyu      b    001 0 eng  </controlfield>
  <datafield tag="010" ind1=" " ind2=" ">
    <subfield code="a">44005786</subfield>
  </datafield>
  <datafield tag="040" ind1=" " ind2=" ">
    <subfield code="a">DLC</subfield>
    <subfield code="c">YAH</subfield>
    <subfield code="d">m.c.</subfield>
    <subfield code="d">DNU</subfield>
  </datafield>
  <datafield tag="082" ind1=" " ind2=" ">
    <subfield code="a">251</subfield>
    <subfield code="b">B863O</subfield>
  </datafield>
  <datafield tag="090" ind1=" " ind2=" ">
    <subfield code="a">BV4211</subfield>
    <subfield code="b">.B67</subfield>
  </datafield>
  <datafield tag="090" ind1=" " ind2=" ">
    <subfield code="a">BV4211</subfield>
    <subfield code="b">.B67 1944</subfield>
  </datafield>
  <datafield tag="100" ind1="1" ind2=" ">
    <subfield code="a">Broadus, John Albert,</subfield>
    <subfield code="d">1827-1895</subfield>
  </datafield>
  <datafield tag="245" ind1="1" ind2="0">
    <subfield code="a">On the preparation and delivery of sermons,</subfield>
    <subfield code="c">by John A. Broadus.  New and rev. ed. by Jesse Burton Weatherspoon</subfield>
  </datafield>
  <datafield tag="260" ind1=" " ind2=" ">
    <subfield code="a">New York,</subfield>
    <subfield code="a">London,</subfield>
    <subfield code="b">Harper brothers,</subfield>
    <subfield code="c">[1944]</subfield>
  </datafield>
  <datafield tag="300" ind1=" " ind2=" ">
    <subfield code="a">xviii p., 1 &#x2113;., 392 p.</subfield>
    <subfield code="c">22 cm</subfield>
  </datafield>
  <datafield tag="500" ind1=" " ind2=" ">
    <subfield code="a">First edition, 1870, published under title:  A treatise on the preparation and delivery of sermons</subfield>
  </datafield>
  <datafield tag="504" ind1=" " ind2=" ">
    <subfield code="a">Bibliography : p. 379-388</subfield>
  </datafield>
  <datafield tag="650" ind1=" " ind2="0">
    <subfield code="a">Preaching</subfield>
  </datafield>
  <datafield tag="700" ind1="1" ind2=" ">
    <subfield code="a">Weatherspoon, J. B.</subfield>
    <subfield code="q">(Jesse Burton),</subfield>
    <subfield code="d">1886-1964</subfield>
  </datafield>
  <datafield tag="942" ind1=" " ind2=" ">
    <subfield code="2">ddc</subfield>
    <subfield code="c">BK</subfield>
  </datafield>
  <datafield tag="952" ind1=" " ind2=" ">
    <subfield code="0">0</subfield>
    <subfield code="1">0</subfield>
    <subfield code="2">ddc</subfield>
    <subfield code="4">0</subfield>
    <subfield code="7">1</subfield>
    <subfield code="8">NFIC</subfield>
    <subfield code="a">HMC</subfield>
    <subfield code="b">HMC</subfield>
    <subfield code="c">GEN</subfield>
    <subfield code="d">2018-12-05</subfield>
    <subfield code="g">120.00</subfield>
    <subfield code="l">0</subfield>
    <subfield code="o">251 B863O</subfield>
    <subfield code="p">005100</subfield>
    <subfield code="r">2018-12-05 00:00:00</subfield>
    <subfield code="w">2018-12-05</subfield>
    <subfield code="y">BK</subfield>
  </datafield>
</record>
